000 01693nam0a2200325 4500
001 RU\NLR\BIBL_A\011488321
005 20260406020255.0
010 _a9785446857678
_91000
021 _aRU
_b2017-66376
_94696
035 _a(RuMoRGB)009382414
035 _a(NLR Aleph) 011488321
090 _a11931901
_c11931901
100 _a20171004d2017 em y0rusy50 ca
101 0 _arus
102 _aRU
105 _aa j 000zy
200 1 _aМоделирование причесок различного назначения с учетом актуальных тенденций моды
_eучебник для использования в образовательном процессе образовательных организаций, реализующих программы среднего профессионального образования по специальности "Технология парикмахерского искусства"
_fС. И. Королева
210 _aМосква
_cАкадемия
_d2017
215 _a159, [1] с.
_cцв. ил.
_d22
225 1 _aПрофессиональное образование
225 1 _aТоп 50
320 _aБиблиогр.: с. 158
606 1 _aПарикмахерское дело
_jУчебники для среднего профессионального образования
_91212843
_3RU\NLR\AUTH\66174185
686 _aН937я723-1
_2rubbk
686 1 _aН937я723-1
700 1 _7ca
_8rus
_aКоролева
_bС. И.
_cстилист
_gСветлана Ивановна
_9104690
_3RU\NLR\AUTH\77121765
942 _cBOOK
980 _aNBR